000 00337 a2200157 4500
001 190058
020 _a85-326-1571-6
040 _cMagnum
100 _aAndrade, Lúcia
240 1 0 _aOficinas ecológicas
_lpor
245 1 0 _aOficinas ecológicas
300 _a132
362 0 _a1996
697 _aEDUCAÇÃO AMBIENTAL
942 _cBK
999 _c190058
_d190058